Obce okresu Chrudim - Statistics

General Stats
  • This quiz has been taken 27 times
  • The average score is 31 of 108
Answer Stats
Počet obyvatel Odpověď % Correct
23 441 Chrudim
96%
9 577 Hlinsko
87%
3 148 Chrast
83%
5 042 Skuteč
83%
4 221 Slatiňany
83%
2 318 Hrochův Týnec
78%
4 960 Heřmanův Městec
70%
2 611 Luže
70%
2 128 Proseč
70%
1 835 Seč
61%
1 020 Trhová Kamenice
61%
1 306 Miřetice
52%
448 Bítovany
48%
1 705 Nasavrky
48%
139 Bor u Skutče
43%
397 Předhradí
43%
3 328 Třemošnice
43%
273 Zderaz
43%
468 Bylany
39%
799 Holetín
39%
806 Orel
39%
1 377 Rosice
39%
1 066 Zaječice
39%
461 Jeníkov
35%
784 Kameničky
35%
724 Kočí
35%
918 Lukavice
35%
257 Perálec
35%
211 Přestavlky
35%
796 Prosetín
35%
993 Sobětuchy
35%
457 Studnice
35%
477 Vítanov
35%
393 Vojtěchov
35%
331 Čankovice
30%
1 254 Chroustovice
30%
421 Horní Bradlo
30%
284 Otradov
30%
879 Rabštejnská Lhota
30%
370 Vrbatův Kostelec
30%
273 Žumberk
30%
230 Hamry
26%
186 Hluboká
26%
430 Horka
26%
270 Licibořice
26%
186 Ostrov
26%
1 422 Prachovice
26%
1 709 Ronov nad Doubravou
26%
312 Rozhovice
26%
408 Stolany
26%
503 Úhřetice
26%
293 Vapenný Podol
26%
568 Včelákov
26%
307 Vejvanovice
26%
265 Ctětín
22%
432 Dřenice
22%
227 Dvakačovice
22%
169 Honbice
22%
432 Jenišovice
22%
232 Kladno
22%
144 Krásné
22%
295 Lány
22%
171 Lozice
22%
657 Načešice
22%
470 Řestoky
22%
926 Svratouch
22%
347 Tisovec
22%
188 Trojovice
22%
618 Tuněchody
22%
228 Vortová
22%
647 Bojanov
17%
131 Dědová
17%
80 Hodonín
17%
171 Liboměřice
17%
336 Mladoňovice
17%
794 Morašice
17%
337 Mrákotín
17%
124 Nabočany
17%
261 Pokřikov
17%
366 Raná
17%
134 Smrček
17%
437 Svídnice
17%
186 Bořice
13%
272 Dolní Bezděkov
13%
335 Hroubovice
13%
434 Klešice
13%
371 Kostelec u Heřmanova Městce
13%
120 Křižanovice
13%
305 Míčov-Sušice
13%
139 Všeradov
13%
697 Vysočina
13%
562 Běstvina
9%
123 České Lhotice
9%
142 Hošťalovice
9%
141 Kněžice
9%
174 Leštinka
9%
88 Libkov
9%
263 Podhořany u Ronova
9%
170 Střemošice
9%
286 Třibřichy
9%
243 Vyžice
9%
178 Zájezdec
9%
135 Žlebské Chvalovice
9%
75 BIskupice
4%
238 Bousov
4%
241 Lipovec
4%
134 Úherčice
4%
1 425 Koruna
0%
No matching quizzes found
Score Distribution
Percent of People with Each Score
Percentile by Number Answered
Your Score History
You have not taken this quiz